[Event "XXVII. Rhein-Main-Open, Gruppe A"]
[Site "Bad Homburg vor der Höhe"]
[Date "2025.06.21"]
[Round "5.3"]
[White "Krause, Jonah"]
[Black "Neukirchner, Pascal"]
[Result "0-1"]
[WhiteElo "2361"]
[BlackElo "2279"]
[PlyCount "96"]
[GameId "535116227197"]
[EventDate "2025.06.18"]
[WhiteTeam "FC ST.Pauli 1910 eV SAbt"]
[BlackTeam "SK Gründau"]

1. d4 Nf6 2. c4 c5 3. d5 b5 4. cxb5 a6 5. e3 g6 6. Nc3 Bg7 7. a4 O-O 8. e4 Bb7 9. Bg5 h6 10. Bxf6 Bxf6 11. Nf3 Qa5 12. Ra3 d6 13. Be2 axb5 14. Bxb5 Bxc3+ 15. bxc3 Ba6 16. Bxa6 Qxa6 17. Nd2 Nd7 18. Qe2 f5 19. Qxa6 Rxa6 20. exf5 gxf5 21. Ke2 Rfa8 22. Rha1 Nb6 23. a5 Nxd5 24. Nc4 Rb8 25. h3 Kf7 26. g4 Kf6 27. Kf3 h5 28. gxf5 Kxf5 29. Re1 e5 30. Nd2 Nf4 31. Ne4 c4 32. Ng3+ Ke6 33. Re4 d5 34. Rxf4 exf4 35. Ne2 Rba8 36. Ra1 Rxa5 37. Rg1 Ra3 38. Kxf4 Kd6 39. Rg6+ Kc5 40. Re6 Rf8+ 41. Ke3 d4+ 42. Ke4 d3 43. Nd4 Rxc3 44. Rc6+ Kb4 45. Rb6+ Ka5 46. Rb2 Rc8 47. f4 Ra3 48. Rb1 c3 0-1

[Event "XXVII. Rhein-Main-Open, Gruppe A"]
[Site "Bad Homburg vor der Höhe"]
[Date "2025.06.21"]
[Round "5.4"]
[White "Henrich, Thomas"]
[Black "Haack, Kevin"]
[Result "0-1"]
[WhiteElo "2083"]
[BlackElo "2390"]
[PlyCount "80"]
[GameId "535116227198"]
[EventDate "2025.06.18"]
[WhiteTeam "SK Marburg 1931/72"]
[BlackTeam "SV 1920 Hofheim"]

1. e4 e6 2. d4 d5 3. Nc3 Nf6 4. e5 Nfd7 5. Nce2 c5 6. c3 Nc6 7. Nf3 Be7 8. a3 O-O 9. Nf4 Qa5 10. Bd3 Nxd4 11. Nxd4 cxd4 12. b4 Qc7 13. cxd4 Qc3+ 14. Bd2 Qxd4 15. O-O Qxe5 16. Re1 Qd6 17. Nh5 e5 18. b5 Nc5 19. Bb4 b6 20. Qe2 e4 21. Bc2 g6 22. Rad1 f5 23. Ng3 Be6 24. Bxe4 fxe4 25. Nxe4 Nxe4 26. Bxd6 Bxd6 27. f3 Bc5+ 28. Kf1 Rxf3+ 29. Qxf3 Rf8 30. Rd3 g5 31. Ke2 g4 32. Qxf8+ Kxf8 33. Rf1+ Ke7 34. Ke1 Bd6 35. g3 Ng5 36. Kd1 h5 37. Re1 Nf3 38. Re2 d4 39. Re4 Bc5 40. h3 Ng5 0-1

[Event "XXVII. Rhein-Main-Open, Gruppe A"]
[Site "Bad Homburg vor der Höhe"]
[Date "2025.06.21"]
[Round "5.5"]
[White "Poetsch, Hagen"]
[Black "Derr, Oleg"]
[Result "1-0"]
[WhiteElo "2490"]
[BlackElo "2103"]
[PlyCount "93"]
[GameId "535116227199"]
[EventDate "2025.06.18"]
[WhiteTeam "SC Heusenstamm"]
[BlackTeam "VSG 1880 Offenbach"]

1. e4 c5 2. Nf3 Nc6 3. d4 cxd4 4. Nxd4 e5 5. Nb5 d6 6. Bc4 a6 7. N5c3 Be7 8. Nd5 Nf6 9. Nbc3 O-O 10. Nxe7+ Qxe7 11. Bg5 Be6 12. Nd5 Bxd5 13. Bxd5 h6 14. h4 Rfc8 15. c3 Kf8 16. Qf3 Ke8 17. Bxf6 Qxf6 18. Qxf6 gxf6 19. O-O Ke7 20. b4 Rab8 21. Rfd1 Na7 22. Rd3 Nb5 23. Rc1 Nd4 24. Kf1 Rc7 25. Ke1 Rbc8 26. Kd2 b6 27. Rb1 Nb5 28. Rb3 Rd7 29. Rg3 Nc7 30. Bb7 Rb8 31. Bc6 Rdd8 32. c4 Ne6 33. Ra3 Nc7 34. Rgf3 Rg8 35. g3 Rgc8 36. Rf5 Ne6 37. Bd5 Nd4 38. Rh5 b5 39. Rxa6 bxc4 40. Ra7+ Kd8 41. Rxh6 c3+ 42. Kd3 Rc7 43. Rh8+ Kd7 44. Rxc7+ Kxc7 45. Rxb8 c2 46. Rb7+ Kc8 47. Kd2 1-0

[Event "XXVII. Rhein-Main-Open, Gruppe A"]
[Site "Bad Homburg vor der Höhe"]
[Date "2025.06.21"]
[Round "5.6"]
[White "Sydykov, Bayastan"]
[Black "Seidel, Andre"]
[Result "1/2-1/2"]
[WhiteElo "2301"]
[BlackElo "2136"]
[PlyCount "83"]
[GameId "535116227200"]
[EventDate "2025.06.18"]
[WhiteTeam "SK 1858 Gießen"]
[BlackTeam "SV Oberursel"]

1. e4 e6 2. d4 d5 3. Nd2 c5 4. Ngf3 cxd4 5. Nxd4 Nc6 6. Bb5 Bd7 7. Nxc6 Bxc6 8. Bxc6+ bxc6 9. O-O Nf6 10. Qe2 Be7 11. a3 O-O 12. b3 dxe4 13. Nxe4 Nxe4 14. Qxe4 Bf6 15. Rb1 Qd5 16. Qe2 Rfd8 17. Be3 Qa5 18. Qc4 Qc3 19. Qxc3 Bxc3 20. Rfd1 a6 21. Rxd8+ Rxd8 22. Kf1 e5 23. Ke2 f5 24. g3 Kf7 25. b4 e4 26. Rb3 Be5 27. a4 Rb8 28. c4 Ke6 29. f3 exf3+ 30. Kxf3 h6 31. Ke2 g5 32. b5 axb5 33. axb5 cxb5 34. cxb5 f4 35. gxf4 gxf4 36. Bg1 Rg8 37. Rb1 Ra8 38. Kf3 Ra3+ 39. Ke4 Ra4+ 40. Kf3 Ra3+ 41. Ke4 Ra4+ 42. Kf3 1/2-1/2

[Event "XXVII. Rhein-Main-Open, Gruppe A"]
[Site "Bad Homburg vor der Höhe"]
[Date "2025.06.21"]
[Round "5.7"]
[White "Lesny, Florian"]
[Black "Gold, Jan Christian"]
[Result "1-0"]
[WhiteElo "2230"]
[BlackElo "1997"]
[PlyCount "69"]
[GameId "535116227201"]
[EventDate "2025.06.18"]
[WhiteTeam "SF Hünstetten"]
[BlackTeam "SK Bad Homburg 1927"]

1. e4 e6 2. d4 d5 3. e5 c5 4. c3 Nc6 5. Nf3 Qb6 6. a3 Nh6 7. Bd3 cxd4 8. cxd4 Nf5 9. Bxf5 exf5 10. Nc3 Be6 11. b4 Rc8 12. Bb2 Be7 13. h4 O-O 14. O-O Na5 15. Na4 Qb5 16. Nc3 Qb6 17. Na4 Qb5 18. Nc5 Nc4 19. Bc1 a5 20. Bg5 Bxc5 21. bxc5 Rc7 22. Rb1 Qc6 23. Qc1 Rb8 24. Rb3 Bd7 25. e6 Bxe6 26. Bf4 f6 27. Re1 Kf7 28. Nd2 b5 29. cxb6 Rcb7 30. Bxb8 Rxb8 31. Rbe3 Re8 32. Nxc4 dxc4 33. Qb2 Qb7 34. Qe2 Qc6 35. Rxe6 1-0

[Event "XXVII. Rhein-Main-Open, Gruppe A"]
[Site "Bad Homburg vor der Höhe"]
[Date "2025.06.21"]
[Round "5.8"]
[White "Musiienko, Platon"]
[Black "Solonar, Stefan"]
[Result "1/2-1/2"]
[WhiteElo "2018"]
[BlackElo "2265"]
[PlyCount "45"]
[GameId "535116227202"]
[EventDate "2025.06.18"]
[WhiteTeam "Wiesbadener SV 1885"]
[BlackTeam "SC Heusenstamm"]

1. e4 c5 2. c3 Nf6 3. e5 Nd5 4. Nf3 Nc6 5. Bc4 Nb6 6. Bb3 d5 7. exd6 Qxd6 8. O-O c4 9. Bc2 Bg4 10. Re1 e6 11. b3 Be7 12. Na3 cxb3 13. axb3 O-O 14. h3 Bh5 15. d4 Rfd8 16. Nc4 Nxc4 17. bxc4 Bg6 18. Bxg6 hxg6 19. Ba3 Qc7 20. Bxe7 Nxe7 21. Qe2 Nf5 22. Ne5 Ne7 23. Qf3 1/2-1/2

[Event "XXVII. Rhein-Main-Open, Gruppe A"]
[Site "Bad Homburg vor der Höhe"]
[Date "2025.06.21"]
[Round "5.9"]
[White "Akhmatovski, Maxim"]
[Black "Thomas, Tobias"]
[Result "1-0"]
[WhiteElo "2108"]
[BlackElo "2010"]
[PlyCount "95"]
[GameId "535116227203"]
[EventDate "2025.06.18"]
[WhiteTeam "SV Oberursel"]
[BlackTeam "SK Langen"]

1. e4 c5 2. Nf3 e6 3. c3 Nf6 4. e5 Nd5 5. g3 Nc6 6. Bg2 d6 7. exd6 Bxd6 8. O-O O-O 9. d4 cxd4 10. Nxd4 Nxd4 11. Qxd4 Qc7 12. c4 Bc5 13. Qd3 Nb4 14. Qe2 Bd7 15. Nc3 Bc6 16. Ne4 Rad8 17. Bd2 Nd3 18. Rad1 Qb6 19. Bg5 f6 20. Rxd3 fxg5 21. Rxd8 Rxd8 22. Nxg5 Bxg2 23. Kxg2 Re8 24. Qe4 Qc6 25. Rd1 Be7 26. Qxc6 bxc6 27. Ne4 Rd8 28. Rxd8+ Bxd8 29. b4 e5 30. Kf3 Be7 31. a3 Kf7 32. Nd2 Bd8 33. Ke4 Ke6 34. Nb3 Bb6 35. f3 Kf6 36. a4 Ke6 37. h3 Bf2 38. g4 Bb6 39. Nc1 Bf2 40. Nd3 Bg3 41. Nc5+ Kd6 42. Kf5 Bh2 43. Nd3 Bg3 44. Nc5 Bf4 45. h4 Bh2 46. h5 Bf4 47. Ne4+ Ke7 48. Ng5 1-0

[Event "XXVII. Rhein-Main-Open, Gruppe A"]
[Site "Bad Homburg vor der Höhe"]
[Date "2025.06.21"]
[Round "5.10"]
[White "Reschke, Thomas"]
[Black "Musiienko, Tymur"]
[Result "1/2-1/2"]
[WhiteElo "2067"]
[BlackElo "2115"]
[PlyCount "46"]
[GameId "535116227204"]
[EventDate "2025.06.18"]
[WhiteTeam "SC Frankfurt-West"]
[BlackTeam "Wiesbadener SV 1885"]

1. Nf3 d5 2. g3 Nf6 3. Bg2 c6 4. O-O Bf5 5. c4 e6 6. cxd5 exd5 7. d3 Be7 8. Qb3 Qb6 9. Qc2 O-O 10. Nc3 h6 11. e4 Bh7 12. Be3 Qd8 13. Qb3 Na6 14. Qxb7 Nb4 15. Rad1 c5 16. Bf4 d4 17. a3 dxc3 18. axb4 cxb4 19. bxc3 bxc3 20. Ne5 Bc5 21. Qb3 Rc8 22. Bh3 Rc7 23. Nc4 Rc6 1/2-1/2

[Event "XXVII. Rhein-Main-Open, Gruppe A"]
[Site "Bad Homburg vor der Höhe"]
[Date "2025.06.21"]
[Round "5.11"]
[White "Sreeramulu, Aarush"]
[Black "Erdmann, Stefan"]
[Result "1/2-1/2"]
[WhiteElo "2032"]
[BlackElo "2117"]
[PlyCount "122"]
[GameId "535116227205"]
[EventDate "2025.06.18"]
[WhiteTeam "SK Marburg 1931/72"]
[BlackTeam "SK Bad Homburg 1927"]

1. d4 d5 2. c4 c6 3. Nc3 Nf6 4. cxd5 cxd5 5. Bf4 Nc6 6. e3 Bf5 7. Qb3 Na5 8. Qa4+ Bd7 9. Qc2 e6 10. Bd3 Be7 11. Nf3 Nc6 12. h3 Nb4 13. Qe2 Nxd3+ 14. Qxd3 a6 15. O-O O-O 16. Ne5 Be8 17. a3 Nd7 18. Nxd7 Bxd7 19. Rfc1 Qb6 20. b4 Rac8 21. e4 Rc4 22. exd5 Qxd4 23. Qxd4 Rxd4 24. Be3 Rc4 25. dxe6 Bxe6 26. Na4 Rfc8 27. Nc5 Rxc1+ 28. Rxc1 Bd5 29. Rd1 Rd8 30. Bf4 Bc6 31. Rxd8+ Bxd8 32. g3 Bf6 33. a4 Bd4 34. Be3 Bxe3 35. fxe3 b6 36. Nxa6 Bxa4 37. Nc7 Bc6 38. b5 Be4 39. Ne8 Bd3 40. Nd6 Kf8 41. Nc8 Bxb5 42. Nxb6 Ke7 43. Nd5+ Kd6 44. Nf4 Ke5 45. h4 g6 46. Kf2 Ke4 47. Nh3 h6 48. h5 Kf5 49. hxg6 fxg6 50. Nf4 Bc4 51. Ng2 g5 52. Ne1 Bd5 53. Nc2 Kg4 54. Nd4 h5 55. Ne2 Bf3 56. Nd4 Bd1 57. e4 Kh3 58. e5 Ba4 59. e6 Kg4 60. Kg2 Be8 61. Kh2 h4 1/2-1/2

[Event "XXVII. Rhein-Main-Open, Gruppe A"]
[Site "Bad Homburg vor der Höhe"]
[Date "2025.06.21"]
[Round "5.12"]
[White "Novak, Volker"]
[Black "Milov, Leonid"]
[Result "0-1"]
[WhiteElo "2096"]
[BlackElo "2404"]
[PlyCount "62"]
[GameId "535116227206"]
[EventDate "2025.06.18"]
[WhiteTeam "SK Bad Homburg 1927"]
[BlackTeam "SC Noris-Tarrasch Nürnberg 1873"]

1. Nf3 f5 2. g3 Nf6 3. Bg2 d6 4. d4 g6 5. O-O Bg7 6. c4 O-O 7. Nc3 c6 8. b3 Qc7 9. Bb2 e5 10. d5 Na6 11. Rc1 Qe7 12. Qd2 e4 13. Nd4 Bd7 14. dxc6 bxc6 15. Nc2 Rad8 16. f3 Bc8 17. Ba3 Rfe8 18. Rcd1 e3 19. Qc1 f4 20. Ne4 Nxe4 21. fxe4 fxg3 22. hxg3 Nc5 23. Qxe3 Nxe4 24. Qxe4 Qxe4 25. Bxe4 Rxe4 26. Rxd6 Rxd6 27. Bxd6 Rxe2 28. Rf2 Re8 29. Bc5 a6 30. Rd2 Bf5 31. Kf2 Bc3 0-1

[Event "XXVII. Rhein-Main-Open, Gruppe A"]
[Site "Bad Homburg vor der Höhe"]
[Date "2025.06.21"]
[Round "5.13"]
[White "Rubsamen, Cornelius"]
[Black "Klein, Levent"]
[Result "1/2-1/2"]
[WhiteElo "2181"]
[BlackElo "2036"]
[PlyCount "86"]
[GameId "535116227207"]
[EventDate "2025.06.18"]
[WhiteTeam "Königsspringer Karben"]
[BlackTeam "SK Kaiserslautern 1905"]

1. e4 c6 2. d4 d5 3. e5 Bf5 4. Nf3 e6 5. Be2 Nd7 6. O-O h6 7. c3 Ne7 8. Na3 Rc8 9. Nc2 Bh7 10. a4 c5 11. dxc5 Nxc5 12. Ncd4 Nc6 13. a5 Be7 14. a6 bxa6 15. Bxa6 Nxa6 16. Rxa6 Nxd4 17. Qa4+ Nc6 18. Rxc6 Rxc6 19. Qxc6+ Qd7 20. Qa8+ Bd8 21. Be3 Bd3 22. Rd1 Be2 23. Ra1 Bxf3 24. gxf3 O-O 25. Qxa7 Qb5 26. Bc5 Re8 27. Qa4 Qxa4 28. Rxa4 Bc7 29. f4 g5 30. Ra7 Rc8 31. Be3 Kg7 32. fxg5 hxg5 33. Bd4 Bd8 34. Kg2 Rb8 35. b4 Bb6 36. Bxb6 Rxb6 37. Rc7 Kg6 38. Kf3 d4 39. cxd4 Rxb4 40. Rd7 Rb3+ 41. Kg4 Rb1 42. Kg3 Rg1+ 43. Kf3 g4+ 1/2-1/2

[Event "XXVII. Rhein-Main-Open, Gruppe A"]
[Site "Bad Homburg vor der Höhe"]
[Date "2025.06.21"]
[Round "5.14"]
[White "Fucik, Timo"]
[Black "Stork, Christopher"]
[Result "0-1"]
[WhiteElo "1940"]
[BlackElo "2132"]
[PlyCount "110"]
[GameId "535116227208"]
[EventDate "2025.06.18"]
[WhiteTeam "SK 1926 Ettlingen"]
[BlackTeam "SV Oberursel"]

1. d4 Nf6 2. Bg5 d5 3. Bxf6 exf6 4. e3 Bd6 5. c4 dxc4 6. Bxc4 O-O 7. Nc3 c6 8. Nf3 Nd7 9. O-O f5 10. Qc2 Nf6 11. Rfd1 Qe7 12. d5 c5 13. Nb5 a6 14. Nxd6 Qxd6 15. a4 b6 16. Ra3 Rb8 17. Qe2 Ra8 18. Nd2 Ne4 19. Nb1 Qc7 20. f3 Nd6 21. Nd2 Re8 22. e4 Qe7 23. Re1 Qe5 24. Kh1 Rb8 25. f4 Qxf4 26. e5 Ne4 27. Nf3 Bb7 28. Qe3 Nf2+ 29. Qxf2 Qxc4 30. d6 Rbd8 31. a5 Bxf3 32. gxf3 Qb4 33. axb6 Qxb6 34. Rc3 g6 35. Kg2 f6 36. f4 fxe5 37. fxe5 Qc6+ 38. Kg1 Rc8 39. Rd3 Rcd8 40. Rc3 Rc8 41. Qd2 Re6 42. Rd3 Rd8 43. b3 c4 44. bxc4 Qc5+ 45. Qe3 Qxc4 46. d7 Qe4 47. Qd2 Qg4+ 48. Kh1 Qc4 49. Rc3 Qb5 50. Rc8 Qb7+ 51. Qg2 Qxd7 52. Rc5 Rc8 53. Rd5 Qc6 54. Red1 Rce8 55. Qb2 Rxe5 0-1

[Event "XXVII. Rhein-Main-Open, Gruppe A"]
[Site "Bad Homburg vor der Höhe"]
[Date "2025.06.21"]
[Round "5.15"]
[White "Busch, Lorenz"]
[Black "Wolf, Ulrich Martin"]
[Result "0-1"]
[WhiteElo "1972"]
[BlackElo "2152"]
[PlyCount "106"]
[GameId "535116227209"]
[EventDate "2025.06.18"]
[WhiteTeam "SC Bellheim"]
[BlackTeam "SK Bad Homburg 1927"]

1. e4 c5 2. c3 d5 3. exd5 Qxd5 4. d4 Nf6 5. Nf3 Nc6 6. Na3 Bg4 7. Be2 cxd4 8. Nb5 O-O-O 9. Nbxd4 e5 10. Nxc6 Qxc6 11. Qb3 Be6 12. Qb5 Qxb5 13. Bxb5 a6 14. Be2 Bd6 15. O-O h6 16. b3 Nd5 17. Bd2 g5 18. c4 Nf4 19. Bxf4 gxf4 20. c5 Bc7 21. Rfd1 Rxd1+ 22. Rxd1 Rd8 23. Kf1 Rxd1+ 24. Bxd1 Kd7 25. Nd2 f5 26. a3 Kc6 27. b4 Kb5 28. Nb1 Kc4 29. Ke1 a5 30. Be2+ Kb3 31. b5 Kb2 32. b6 Bb8 33. Nd2 Kxa3 34. Bc4 Bc8 35. Bd5 Kb4 36. c6 bxc6 37. Bxc6 Kc5 38. b7 Be6 39. Ba4 Kb4 40. Bc2 e4 41. g4 fxg3 42. hxg3 a4 43. Nb1 a3 44. Nxa3 Kxa3 45. g4 fxg4 46. Bxe4 Kb4 47. Kd2 Bf4+ 48. Kd3 Kc5 49. Bg6 Bd5 50. Bh5 Bf3 51. Kc3 Bb8 52. Kd3 Kd5 53. Ke3 Ke5 0-1

[Event "XXVII. Rhein-Main-Open, Gruppe A"]
[Site "Bad Homburg vor der Höhe"]
[Date "2025.06.21"]
[Round "5.16"]
[White "Jakob, Steffen"]
[Black "Lenz, Jonas"]
[Result "0-1"]
[WhiteElo "1900"]
[BlackElo "2135"]
[PlyCount "88"]
[GameId "535116227210"]
[EventDate "2025.06.18"]
[WhiteTeam "Sges Bensheim 1931"]
[BlackTeam "SK Bad Homburg 1927"]

1. d4 Nf6 2. Nc3 d5 3. Bf4 c5 4. e4 Nxe4 5. Nxe4 dxe4 6. dxc5 Qa5+ 7. c3 Qxc5 8. Qa4+ Nc6 9. Qxe4 Bf5 10. Qe3 e5 11. Nf3 O-O-O 12. Qxc5 Bxc5 13. Be3 Bxe3 14. fxe3 f6 15. Be2 Nb8 16. Kf2 Nd7 17. b4 Nb6 18. Rhd1 Na4 19. Rac1 Nb2 20. Rxd8+ Rxd8 21. Ke1 Be6 22. Rc2 Nc4 23. Bxc4 Bxc4 24. Nd2 Bd3 25. Rb2 Bg6 26. Kf2 Rd3 27. c4 Rc3 28. c5 Kc7 29. Nb3 Bf7 30. Ke2 Bc4+ 31. Kf3 Bd5+ 32. Kf2 g6 33. Nd2 Ra3 34. Nb3 Ra4 35. Nc1 Kc6 36. Ke1 Ra3 37. Kd2 Bxg2 38. Ne2 a5 39. bxa5 Kxc5 40. Nc1 Kc6 41. Rc2+ Kd7 42. Nb3 Bd5 43. Nc5+ Kd6 44. e4 Bc6 0-1

[Event "XXVII. Rhein-Main-Open, Gruppe A"]
[Site "Bad Homburg vor der Höhe"]
[Date "2025.06.21"]
[Round "5.17"]
[White "Giel, Olaf"]
[Black "Dolidze, David"]
[Result "0-1"]
[WhiteElo "2106"]
[BlackElo "1809"]
[PlyCount "80"]
[GameId "535116227211"]
[EventDate "2025.06.18"]
[WhiteTeam "SF Bremer Osten Bürgerhaus Mahnd"]
[BlackTeam "SC Eschborn 1974"]

1. d4 Nf6 2. Nf3 c5 3. e3 g6 4. b3 Bg7 5. Bb2 b6 6. Nbd2 Bb7 7. Be2 O-O 8. O-O Nc6 9. c4 cxd4 10. exd4 d5 11. Rc1 e6 12. c5 Nd7 13. Qc2 Rc8 14. a3 e5 15. Bb5 e4 16. Bxc6 Rxc6 17. Ne5 Nxe5 18. dxe5 Rxc5 19. Qd1 Qe7 20. f4 Rfc8 21. b4 Rxc1 22. Bxc1 Qc7 23. Nb3 f6 24. Nd4 Qe7 25. exf6 Bxf6 26. f5 Rxc1 27. Qxc1 Bxd4+ 28. Kh1 Bf6 29. fxg6 hxg6 30. Qh6 Bg7 31. Qxg6 e3 32. Qd3 Qe6 33. Qc2 d4 34. Qc7 Qd5 35. Qb8+ Kh7 36. Rf3 Qd7 37. Rf4 Qe7 38. Rf1 e2 39. Re1 d3 40. Qf4 Qe4 0-1

[Event "XXVII. Rhein-Main-Open, Gruppe A"]
[Site "Bad Homburg vor der Höhe"]
[Date "2025.06.21"]
[Round "5.18"]
[White "Gries, Volker"]
[Black "Bollmann, Henrik"]
[Result "0-1"]
[WhiteElo "2016"]
[BlackElo "2109"]
[PlyCount "126"]
[GameId "535116227212"]
[EventDate "2025.06.18"]
[WhiteTeam "SV Oberursel"]
[BlackTeam "SC Bad Nauheim"]

1. e4 c5 2. Nf3 e6 3. d3 Nc6 4. g3 Nf6 5. Bg2 Be7 6. O-O O-O 7. Re1 d6 8. Na3 Bd7 9. c3 Rc8 10. Nc2 Qc7 11. d4 cxd4 12. Ncxd4 Ne5 13. Qe2 Rfe8 14. h3 a6 15. g4 h6 16. g5 hxg5 17. Bxg5 Qc4 18. Nd2 Qxe2 19. Rxe2 Kf8 20. Re3 Nh5 21. Bxe7+ Kxe7 22. Ne2 g5 23. b3 Rc7 24. Nf3 Nxf3+ 25. Bxf3 Ng7 26. Rd1 Rec8 27. Red3 Ne8 28. Kh2 Bb5 29. c4 Bc6 30. Nd4 Bd7 31. a4 a5 32. Kg3 Rc5 33. R3d2 Bc6 34. Nxc6+ bxc6 35. Re1 Rb8 36. Rd3 Re5 37. Ree3 Nf6 38. Rc3 Nd7 39. Bd1 Nc5 40. f3 Rh8 41. Be2 f5 42. exf5 Rxf5 43. Bf1 Rf4 44. Bg2 e5 45. Re1 Rd4 46. Rb1 Rb8 47. Re3 Kf6 48. Bf1 Kf5 49. Be2 Rb7 50. Bd1 Ke6 51. Bc2 Rh4 52. Rh1 Rb8 53. Kg2 Rf8 54. Rhe1 Kd7 55. Rd1 Kc7 56. Rg1 Ne6 57. Kh2 Nd4 58. Be4 Ne6 59. Rg4 Rfh8 60. Rxh4 gxh4 61. Bd3 Rf8 62. Be2 Rf4 63. Rc3 Kb6 0-1

[Event "XXVII. Rhein-Main-Open, Gruppe A"]
[Site "Bad Homburg vor der Höhe"]
[Date "2025.06.21"]
[Round "5.19"]
[White "Özdemir, Ali Özden"]
[Black "Rohatgi, Kushagra"]
[Result "1-0"]
[WhiteElo "2066"]
[BlackElo "1771"]
[PlyCount "147"]
[GameId "535116227213"]
[EventDate "2025.06.18"]
[WhiteTeam "SK Langen"]
[BlackTeam "SAbt TuS Makkabi Ffm"]

1. e4 c6 2. d4 d5 3. e5 Bf5 4. Nd2 e6 5. g4 Bg6 6. Ne2 Be7 7. Nf4 Bg5 8. Nb3 Nd7 9. Be2 Rc8 10. Be3 a6 11. Rc1 c5 12. c3 c4 13. Nd2 b5 14. Nf1 Nb6 15. Ng3 a5 16. Qd2 Na4 17. Kf1 Rb8 18. Kg2 Qd7 19. a3 Qd8 20. Bd1 Nb6 21. Nfh5 Bxe3 22. Qxe3 Kf8 23. f4 Ne7 24. Rf1 Qc8 25. Qf3 h6 26. f5 Bxh5 27. Nxh5 Nc6 28. fxe6 Qxe6 29. Nf4 Qe8 30. Ng6+ Kg8 31. Nxh8 Kxh8 32. Qxf7 Qxf7 33. Rxf7 Kg8 34. Rf2 Nc8 35. Bc2 N8e7 36. Bf5 Ra8 37. Be6+ Kh7 38. Rcf1 Rd8 39. Rf8 Rxf8 40. Rxf8 b4 41. axb4 axb4 42. h4 b3 43. h5 g5 44. Rf7+ Kh8 45. Rf6 Kg7 46. Bd7 Nd8 47. Be8 Nc8 48. Ra6 Kf8 49. Bd7 Ne7 50. Rxh6 Nf7 51. Rf6 Ng8 52. Rb6 Ke7 53. Be6 Ngh6 54. Bxf7 Nxf7 55. h6 Nh8 56. h7 Kf7 57. Rb8 Kg7 58. e6 Ng6 59. h8=Q+ Nxh8 60. Rxh8 Kxh8 61. e7 Kg7 62. e8=Q Kf6 63. Qe5+ Kg6 64. Qxd5 Kf6 65. Qxc4 Ke7 66. Qxb3 Kd6 67. c4 Kc6 68. Qb5+ Kc7 69. Qxg5 Kb8 70. Qe7 Kc8 71. g5 Kb8 72. g6 Ka8 73. g7 Kb8 74. g8=R# 1-0

[Event "XXVII. Rhein-Main-Open, Gruppe A"]
[Site "Bad Homburg vor der Höhe"]
[Date "2025.06.21"]
[Round "5.20"]
[White "Bezsonna, Polina"]
[Black "Mandalka, Justus"]
[Result "1-0"]
[WhiteElo "1972"]
[BlackElo "2076"]
[PlyCount "65"]
[GameId "535116227214"]
[EventDate "2025.06.18"]
[WhiteTeam "SK Bad Homburg 1927"]
[BlackTeam "SK Bad Homburg 1927"]

1. e4 c5 2. Nf3 Nc6 3. d4 cxd4 4. Nxd4 g6 5. Nc3 Bg7 6. Be3 Nf6 7. Nb3 d6 8. Qd2 Ng4 9. Bg5 O-O 10. f3 Nf6 11. O-O-O a5 12. a4 Be6 13. Nd5 Bxd5 14. exd5 Nb4 15. Bxf6 exf6 16. Bb5 f5 17. Kb1 Qf6 18. c3 Na6 19. Nd4 Nc5 20. Rde1 f4 21. g4 Qg5 22. Ne2 Be5 23. Ka2 Qh4 24. Qc1 Qh3 25. Ref1 g5 26. Qc2 Rfc8 27. Qf5 Qh4 28. Rfg1 Rc7 29. Ng3 Rb8 30. Nh5 h6 31. Re1 Re7 32. Rxe5 Rc7 33. Qf6 1-0

[Event "XXVII. Rhein-Main-Open, Gruppe A"]
[Site "Bad Homburg vor der Höhe"]
[Date "2025.06.21"]
[Round "5.21"]
[White "Gao, Chenzhuo"]
[Black "Jonnek, Thomas"]
[Result "1/2-1/2"]
[WhiteElo "1707"]
[BlackElo "2040"]
[PlyCount "70"]
[GameId "535116227215"]
[EventDate "2025.06.18"]
[WhiteTeam "SC Rotenburg"]
[BlackTeam "SF Bremer Osten Bürgerhaus Mahnd"]

1. d4 d6 2. Nf3 Bg4 3. e3 Nd7 4. c4 c6 5. Nc3 e5 6. Be2 Ngf6 7. O-O Be7 8. b3 O-O 9. Bb2 Qc7 10. Rc1 Rad8 11. Qc2 h6 12. Rfd1 Nh7 13. Rd2 f5 14. dxe5 dxe5 15. Rcd1 Bxf3 16. Bxf3 e4 17. Be2 Ne5 18. Rxd8 Rxd8 19. Rxd8+ Bxd8 20. Nb1 Bf6 21. Nd2 Qd7 22. f3 exf3 23. Nxf3 Nxf3+ 24. Bxf3 Qe6 25. Kf2 Ng5 26. Bxf6 Qxf6 27. Qd2 Qe5 28. Kg1 Ne6 29. g3 Ng5 30. Bg2 Qa1+ 31. Kf2 Ne4+ 32. Bxe4 fxe4 33. Kg2 Kh7 34. Qc2 Qe5 35. Qd2 Qa1 1/2-1/2

[Event "XXVII. Rhein-Main-Open, Gruppe A"]
[Site "Bad Homburg vor der Höhe"]
[Date "2025.06.21"]
[Round "5.22"]
[White "Sasikumar Anitha, Sarvesh"]
[Black "Rosenberger, Frank"]
[Result "1/2-1/2"]
[WhiteElo "1987"]
[BlackElo "2077"]
[PlyCount "63"]
[GameId "535116227216"]
[EventDate "2025.06.18"]
[WhiteTeam "SK 1858 Gießen"]
[BlackTeam "SK 1980 Gernsheim"]

1. e4 e6 2. d4 d5 3. Nd2 Nf6 4. e5 Nfd7 5. Bd3 c5 6. c3 Nc6 7. Ne2 cxd4 8. cxd4 f6 9. exf6 Qxf6 10. Nf3 Bb4+ 11. Bd2 Bxd2+ 12. Qxd2 O-O 13. O-O Kh8 14. Rac1 Nb6 15. Bb5 Bd7 16. Ng3 a6 17. Bxc6 Bxc6 18. b3 Nd7 19. Rfe1 Rae8 20. Ne5 Nxe5 21. Rxe5 Qf4 22. Qxf4 Rxf4 23. Ne2 Rf6 24. g3 Kg8 25. Nf4 Kf7 26. Kg2 Ke7 27. h4 Kd6 28. Rce1 a5 29. a4 b6 30. h5 h6 31. Kf1 Bb7 32. Rc1 1/2-1/2

[Event "XXVII. Rhein-Main-Open, Gruppe A"]
[Site "Bad Homburg vor der Höhe"]
[Date "2025.06.21"]
[Round "5.23"]
[White "Karaissaridis, Christos"]
[Black "McAdam, Mark"]
[Result "0-1"]
[WhiteElo "1904"]
[BlackElo "2008"]
[PlyCount "74"]
[GameId "535116227217"]
[EventDate "2025.06.18"]
[WhiteTeam "SK 1947 Sandhausen e.V."]
[BlackTeam "SC Brett vorm Kopp Ffm"]

1. d4 Nf6 2. c4 e6 3. g3 c5 4. d5 exd5 5. cxd5 b5 6. Bg2 d6 7. e4 Nbd7 8. Ne2 Be7 9. O-O O-O 10. f4 Nb6 11. Na3 b4 12. Nc2 Ba6 13. Ne3 Nc4 14. Nf5 Bc8 15. Nxe7+ Qxe7 16. e5 Bg4 17. Re1 Nd7 18. h3 Bxe2 19. Qxe2 Ndb6 20. b3 Na3 21. Bxa3 bxa3 22. Qa6 Rab8 23. Qxa3 dxe5 24. fxe5 Qg5 25. Qxc5 Qxg3 26. Qe3 Qg6 27. Qe4 Qg5 28. Qg4 Qd2 29. Re2 Qa5 30. Rd1 Rfe8 31. h4 Rbd8 32. Qf5 Nxd5 33. e6 Qb6+ 34. Rf2 fxe6 35. Qf7+ Kh8 36. Bxd5 Rf8 37. Bxe6 Rxd1+ 0-1

[Event "XXVII. Rhein-Main-Open, Gruppe A"]
[Site "Bad Homburg vor der Höhe"]
[Date "2025.06.21"]
[Round "5.24"]
[White "Siegismund, Florian"]
[Black "Steigleder, Maximilian"]
[Result "0-1"]
[WhiteElo "1875"]
[BlackElo "1930"]
[PlyCount "44"]
[GameId "535116227218"]
[EventDate "2025.06.18"]
[WhiteTeam "SK Bad Schwalbach"]
[BlackTeam "Sfr.1932 Kelkheim"]

1. d4 Nf6 2. c4 g6 3. Nc3 Bg7 4. e4 d6 5. Be2 O-O 6. Be3 Nbd7 7. Nf3 e5 8. O-O Qe7 9. Qc2 c6 10. Rad1 h6 11. dxe5 dxe5 12. c5 Nxc5 13. Nd5 cxd5 14. Bxc5 Qc7 15. Rc1 Rd8 16. exd5 Nxd5 17. Qb3 Nf4 18. Bc4 Be6 19. g3 Ne2+ 20. Kg2 Nxc1 21. Rxc1 Bxc4 22. Rxc4 Rac8 0-1